United States 'E' and 'F' Geography Quiz Stats

 Plays Quiz Updated Jul 24, 2018

Score 0/14 Timer 05:00
2 Plays Today
Hint Answer % Correct
State capital of KentuckyFrankfort
83%
The name of the monument and region of the intersection of Arizona, Colorado, New Mexico, and UtahFour Corners
82.1%
The largest city in Western Texas which is situated on the border with Mexico and Cuidad JuarezEl Paso
79.8%
A mangrove and tropical rainforest National Park in the Southeast that is the largest in the United StatesEverglades National Park
79.2%
The largest city in North Dakota, located on the border with MinnesotaFargo
76.1%
The fifth-largest city in California and the most populous in the Central ValleyFresno
73.5%
The southernmost contiguous and third-most populous state in the United StatesFlorida
73.1%
Hint Answer % Correct
A historic waterway that connects the Great Lakes to New York City via the Hudson River at AlbanyErie Canal
71.8%
Oregon city home to the University of OregonEugene
66.9%
Historically famous for its relation to cowboys and fifth-largest city in TexasFort Worth
62.8%
The seventh-largest city in Michigan and the city where General Motors was foundedFlint
49%
The third-largest city in Arkansas which is also home to the University of ArkansasFayetteville
45.5%
Indiana's second-largest cityFort Wayne
44.9%
Located in Montana, the largest natural freshwater lake west of the Mississippi River in the contiguous statesFlathead Lake
11.7%

You're not logged in!

Compare scores with friends on all Sporcle quizzes.
OR
Log In

Sporcle TV

Today on Sporcle TV


Watch our educational content, quiz creation guides, and fun videos on Sporcle TV.

Show Comments

Extras

Top Quizzes Today


Score Distribution

Your Account Isn't Verified!

In order to create a playlist on Sporcle, you need to verify the email address you used during registration. Go to your Sporcle Settings to finish the process.

Report this User

Report this user for behavior that violates our Community Guidelines.

Details: